00305nam a2200109Ia 4500008004000000020001800040082001900058100002500077245004700102260003800149300000800187210210b1992 xxu||||| |||| 00| 0 eng d a81 7054 165 4 a351.00313 SING aSINHA (Binod Kumar). aGovernor as a factor of Indian federalism. aNDbClassical Publishing Coc1992 a132